| 000 | 01291nam a2200337Ia 4500 | ||
|---|---|---|---|
| 001 | ebr10199705 | ||
| 003 | CaPaEBR | ||
| 006 | m u | ||
| 007 | cr cn||||||||| | ||
| 008 | 070131s2007 enk sb 001 0 eng d | ||
| 010 | _z 2007299421 | ||
| 020 | _z9780199227198 (cased) : | ||
| 020 | _z0199227195 (cased) : | ||
| 040 |
_aCaPaEBR _cCaPaEBR |
||
| 035 | _a(OCoLC)191050497 | ||
| 050 | 1 | 4 |
_aQC175.16.P5 _bZ56 2007eb |
| 082 | 0 | 4 |
_a530.414 _222 |
| 100 | 1 | _aZinn-Justin, Jean. | |
| 245 | 1 | 0 |
_aPhase transitions and renormalisation group _h[electronic resource] / _cJean Zinn-Justin. |
| 260 |
_aOxford : _bOxford University Press, _c2007. |
||
| 300 | _axii, 452 p. | ||
| 490 | 1 | _aOxford graduate texts | |
| 504 | _aIncludes bibliographical references and index. | ||
| 533 |
_aElectronic reproduction. _bPalo Alto, Calif. : _cebrary, _d2009. _nAvailable via World Wide Web. _nAccess may be limited to ebrary affiliated libraries. |
||
| 650 | 0 | _aPhase transformations (Statistical physics) | |
| 650 | 0 | _aRenormalization (Physics) | |
| 655 | 7 |
_aElectronic books. _2local |
|
| 710 | 2 | _aebrary, Inc. | |
| 830 | 0 | _aOxford graduate texts. | |
| 856 | 4 | 0 |
_uhttp://site.ebrary.com/lib/rucke/Doc?id=10199705 _zAn electronic book accessible through the World Wide Web; click to view |
| 999 |
_c118544 _d118544 |
||